FIFA 23 TOTY - Statistics

General Stats
  • This quiz has been taken 131 times
    128 since last reset
  • The average score is 10 of 12
Answer Stats
Hint Answer % Correct
RW Messi
97%
LW Mbappe
92%
CB Van Dijk
86%
GK Courtois
84%
12th man Haaland
84%
CM Modric
84%
CM De Bruyne
82%
ST Benzema
81%
LB Theo Hernandez
79%
RB Hakimi
77%
CB Militao
71%
CM Bellingham
67%
No matching quizzes found
Score Distribution
Percent of People with Each Score
Percentile by Number Answered
Your Score History
You have not taken this quiz since the last reset